000 01340cam a2200241 4500
001 ABS64916
008 020107n2001 000 0 eng u
035 _a(Sirsi) u116168
100 _aMinogue, A.
245 _aDoing the splits
260 _c2001
490 _aBuilding
_v266(8210) 16 November 2001, 65(1)
520 _aOutlines the main points from the very complex case, Bovis Lend Lease Limited vs Saillare Fuller & Partners and Watkins Payne & Partners. This concerned a flood in May 1990 in a recently completed office building which was empty on completion, which resulted in ten weeks loss of rent. The liability for the damage was complex as Bovis who were employed under a management contract to design the building payed insurers General Accident but it was Bovis' public liability insurers Eagle Star that actually paid. The judge decided to take a straightforward view when he ruled that responsibility for the damage should be allocated by a four-way split between Bovis, Crown House, SFP and WPP.
590 _aABS
650 _aBOVIS LEND LEASE LTD V SAILLARD FULLER & PARTNERS AND WATKINS PAYNE & PARTNERS
650 _aGENERAL ACCIDENT
650 _aEAGLE STAR
650 _aINSURANCE POLICY
650 _aMANAGEMENT CONTRACT
650 _aALLOCATION OF COSTS
690 _aInsurance
_96249
942 _n0
999 _c69198
_d69198